01087cam a2200301 a 450000100060000000300080000600500170001400800410003102000150007202000150008702000150010202000150011703500190013203500120015104000160016304100130017908200250019210000310021724501540024826000300040230000210043250001000045350400320055365000220058565100680060765100470067565100630072245610BD-RjUL20211209054037.0160727s1991 ii b 000 0 eng  a8170362229 a8170362237 a0803996799 a0803996802 a(BD-RjUL)45728 a2689543 aLCbengcLC1 aenghger04a338.9222bELD 1991 1 aElsenhans, Hartmut,d1941-10aDevelopment and underdevelopment :bthe history, economics and politics of north-south relations /cHartmut Elenhans ; translated by Madhulika Reddy. aNew Delhi :bSage,c1991. a176 p. ;c22 cm. aTranslation of Nord-Sud Beziehungen : Geschichte-Politik-Wirtschaft, originally published 1984. aBibliography: p. [163]-176. 0aEconomic history. 0aDeveloping countriesxDependency on foreign countriesxHistory. 0aDeveloping countriesxEconomic conditions. 0aDeveloping countriesxForeign economic relationsxHistory.